| 000 | 00502nam a2200181 4500 | ||
|---|---|---|---|
| 999 |
_c6818 _d6818 |
||
| 008 | 020605s1989 us engCO | ||
| 100 | 1 | _aTan, Emma R. | |
| 245 | 1 | 0 |
_aQuestions and answers on bringing up children / _cEmma R. Tan |
| 260 |
_aManila : _bBookmark, _cc1989. |
||
| 300 |
_a220 p.; _c21cm. |
||
| 336 | _atext | ||
| 337 | _aunmediated | ||
| 338 | _avolume | ||
| 650 | 4 | _aChild rearing. | |
| 650 | 4 | _aChildren's questions and answers. | |
| 740 | 0 | 2 | _aBringing up children.5 |
| 942 |
_2lcc _cBK |
||